000 00718nam a2200289Ia 4500
005 20260324134439.0
008 008 260324s9999 xx 000 0 eng d
020 _a9781315182988
037 _aEBOOK
040 _aCRL
040 _beng
040 _cCRL
041 _2eng
041 _aeng
084 _qCRL
100 _aLynnette McGrath
_91196849
245 0 _aSubjectivity and Women's Poetry in Early Modern England
245 0 _bWhy on the Ridge Should She Desire to Go?
260 _bTaylor and Francis
260 _c2002
365 _a
365 _b130
856 _uhttp://www.taylorfrancis.com/books/9781315182988
942 _cEBOOK
999 _c1796963
_d1796963